ბათუმის შოთა რუსთაველის სახელმწიფო უნივერსიტეტის ბიბლიოთეკა

Family Health Guide / (ბიბ.ჩანაწერი № 46758)

000 -LEADER
fixed length control field 00654nam a2200229Ia 4500
001 - CONTROL NUMBER
control field 13602
003 - CONTROL NUMBER IDENTIFIER
control field GE_BSU
005 - DATE AND TIME OF LATEST TRANSACTION
control field 20240415111054.0
008 - FIXED-LENGTH DATA ELEMENTS--GENERAL INFORMATION
fixed length control field 181216s2006||||en |||||||||||||| ||eng||
020 ## - INTERNATIONAL STANDARD BOOK NUMBER
International Standard Book Number 9781405317467 X
040 ## - CATALOGING SOURCE
Transcribing agency geo
041 ## - LANGUAGE CODE
Language code of text/sound track or separate title eng
080 ## - UNIVERSAL DECIMAL CLASSIFICATION NUMBER
Universal Decimal Classification number 61 S-86
100 ## - MAIN ENTRY--PERSONAL NAME
Personal name Stoppard, Miriam
9 (RLIN) 21790
245 ## - TITLE STATEMENT
Title Family Health Guide /
Statement of responsibility, etc. Miriam Stoppard
260 ## - PUBLICATION, DISTRIBUTION, ETC.
Date of publication, distribution, etc. London,
Name of publisher, distributor, etc. 2006
300 ## - PHYSICAL DESCRIPTION
Extent 591p :.
Other physical details 25 cm.
Dimensions ill;
653 ## - INDEX TERM--UNCONTROLLED
Uncontrolled term Family Health Guide
653 ## - INDEX TERM--UNCONTROLLED
Uncontrolled term ოჯახის ჯანმრთელობის სახელმძღვანელო
653 ## - INDEX TERM--UNCONTROLLED
Uncontrolled term მედიცინა
942 ## - ADDED ENTRY ELEMENTS (KOHA)
Koha item type წიგნი
Source of classification or shelving scheme
ეგზემპლარები
Withdrawn status Lost status Source of classification or shelving scheme Damaged status Not for loan Permanent Location Current Location Shelving location Date acquired Full call number Barcode Date last seen Copy number Price effective from Koha item type
          ბათუმის შოთა რუსთაველის სახელმწიფო უნივერსიტეტის მთავარი ბიბლიოთეკა ბათუმის შოთა რუსთაველის სახელმწიფო უნივერსიტეტის მთავარი ბიბლიოთეკა წიგნსაცავი 2018-12-17 61 S-86 37095 2018-12-17 37095 2018-12-17 წიგნი